Movies Quiz

Random Movies or Oscar Quiz

Best Picture by Title Character Actor Quiz Stats

Quiz Updated Jan 30, 2015

Challenge
Share
Tweet
Embed
Score 0/21 Timer 06:00
1 Play Today
Actor or Actress Movie % Correct
Sylvester StalloneRocky
94.2%
Tom HanksForrest Gump
88.6%
Ben KingsleyGandhi
84.2%
Dustin Hoffman & Meryl StreepKramer vs. Kramer
82.2%
George C. ScottPatton
77.8%
Peter O'TooleLawrence of Arabia
73.4%
Diane KeatonAnnie Hall
73.1%
Charlton HestonBen-Hur
72.2%
Liam NeesonSchindler's List
72.2%
Jessica TandyDriving Miss Daisy
70.4%
Joseph FiennesShakespeare in Love
54.9%
Actor or Actress Movie % Correct
Tom HulceAmadeus
51%
Laurence OlivierHamlet
49.3%
Ernest BorgnineMarty
45.7%
Leslie CaronGigi
37%
Greer GarsonMrs. Miniver
28.6%
Albert FinneyTom Jones
26.6%
Mark LesterOliver!
23.5%
Anne BaxterAll About Eve
22.1%
Paul MuniThe Life of Émile Zola
14.9%
William PowellThe Great Ziegfeld
11.9%

You're not logged in!

Compare scores with friends on all Sporcle quizzes.
Join for Free
OR
Log In

You Might Also Like...

Show Comments

Extras

Top Quizzes Today


Score Distribution

Your Account Isn't Verified!

In order to create a playlist on Sporcle, you need to verify the email address you used during registration. Go to your Sporcle Settings to finish the process.

Report this User

Report this user for behavior that violates our Community Guidelines.

Details: